| 000 | 00460nam a2200205Ia 4500 | ||
|---|---|---|---|
| 001 | 14343 | ||
| 003 | GE_BSU | ||
| 008 | 181216s||||||||xx |||||||||||||| ||und|| | ||
| 020 | _a9780007835966 | ||
| 040 | _cGE_BSU | ||
| 080 | _a82-93 | ||
| 100 | _aBurnett,Fronces Hodgson | ||
| 245 | 2 | _aA Little Princess | |
| 260 | _aLondon | ||
| 260 | _bHarper Collins Publishers | ||
| 260 | _c2008 | ||
| 300 | _a324p.20cm. | ||
| 653 | _aA Little Princess | ||
| 942 | _cBK | ||
| 999 |
_c47479 _d47479 |
||